000 00285nam a2200109Ia 4500
001 1262083
005 20260417140404.0
008 260417s9999 xx 000 0 und d
020 _a9786051857008
245 0 _aİstanbul Yazıları
_cNahid Sırrı Örik
260 _bEverest Yayınları
999 _c1262083
_d1262083